000 00279nam a22001217a 4500
020 _a81-8388-308-7
082 _a000
_bSPI/V
100 _aSPIDER BOOKS
245 _aMY PRE-SCHOOL BOOK OF VEHICLES
260 _aCHENNAI
_bSPIDER BOOKS
650 _aPICTURE BOOK
_zINDIA
942 _cBK
999 _c4655
_d4655